Радиационно-гигееническая паспортизация в Российской Федерации; АНРИ; Аппаратура и новости радиационных измерений; № 4
| Parent link: | АНРИ.— , 2000- Аппаратура и новости радиационных измерений: научно-информационный журнал/ Доза ; Государственный комитет по санэпиднадзору РФ ; Метрологическая академия РФ № 4.— 2003.— С. 7-9 |
|---|---|
| Další autoři: | , , , , |
| Jazyk: | ruština |
| Vydáno: |
2003
|
| Edice: | Новости |
| Témata: | |
| Médium: | MixedMaterials Kapitola |
| KOHA link: | https://koha.lib.tpu.ru/cgi-bin/koha/opac-detail.pl?biblionumber=389296 |
MARC
| LEADER | 00000naa2a2200000 4500 | ||
|---|---|---|---|
| 001 | 389296 | ||
| 005 | 20231101063840.0 | ||
| 035 | |a (RuTPU)RU\TPU\prd\21328 | ||
| 090 | |a 389296 | ||
| 100 | |a 20040115a2003 k y0rusy50 ca | ||
| 101 | 0 | |a rus | |
| 102 | |a RU | ||
| 200 | 1 | |a Радиационно-гигееническая паспортизация в Российской Федерации |f С. И. Иванов, Г. С. Перминова, А. Н. Барковский и др. | |
| 225 | 1 | |a Новости | |
| 461 | 1 | |0 (RuTPU)RU\TPU\prd\1302 |t АНРИ |d 2000- | |
| 461 | |t Аппаратура и новости радиационных измерений |o научно-информационный журнал |f Доза ; Государственный комитет по санэпиднадзору РФ ; Метрологическая академия РФ | ||
| 463 | 1 | |0 (RuTPU)RU\TPU\prd\20837 |t № 4 |v С. 7-9 |d 2003 | |
| 610 | 1 | |a радиационно- | |
| 610 | 1 | |a паспортизация | |
| 610 | 1 | |a радиационная безопасность | |
| 610 | 1 | |a население | |
| 610 | 1 | |a гигиена | |
| 610 | 1 | |a гигиенические требования | |
| 610 | 1 | |a ионизирующие излучения | |
| 701 | 1 | |a Иванов |b С. И. | |
| 701 | 1 | |a Перминова |b Г. С. | |
| 701 | 1 | |a Барковский |b А. Н. | |
| 701 | 1 | |a Чибураев |b В. И. | |
| 701 | 1 | |a Тутельян |b О. Е. | |
| 801 | 1 | |a RU |b 63413507 |c 20040115 |g PSBO | |
| 801 | 2 | |a RU |b 63413507 |c 20120321 |g RCR | |
| 942 | |c BK | ||